| 000 | 01002cam a22002771 4500 | ||
|---|---|---|---|
| 001 | 2477 | ||
| 005 | 20260319110858.0 | ||
| 020 | _a0590416227 | ||
| 040 |
_aDLC _cDLC _dDLC _beng |
||
| 050 | 0 | 0 | _aPZ8.1.M8346 |
| 082 | 0 | 0 | _a398.270951 |
| 100 | 1 | _aMosel, Arlene | |
| 245 | 1 | 0 |
_aTikki Tikki Tembo _cretold by Arlene Mosel. Illustrated by Blair Lent |
| 250 | _aFirst edition | ||
| 260 |
_aNew York _bHolt, Rinehart and Winston _c1968 |
||
| 300 |
_a45 pages : _bcolor illustrations ; _c24 cm |
||
| 500 | _aAdaptation of a Chinese folktale. | ||
| 505 | _aZ | ||
| 520 | _aWhen the eldest son fell in the well and most of the time getting help was spent pronouncing the name of the one in trouble, the Chinese, according to legend, decided to give all their children short names. | ||
| 521 |
_a910 AD
_bLexile |
||
| 521 |
_aZ
_bRaz-Plus |
||
| 650 | 1 |
_aFolklore _zChina |
|
| 700 | 1 |
_aLent, Blair _eillustrator |
|
| 906 |
_a7 _bcbc _corignew _du _eocip _f19 _gy-gencatlg |
||
| 942 |
_2ddc _cBK _n0 |
||
| 999 |
_c2477 _d2477 |
||